[Event "Osijek op"]
[Site "Osijek"]
[Date "2005.02.15"]
[Round "5"]
[White "Cajzler, Hinko"]
[Black "Vurdelja, Slavko"]
[Result "1-0"]
[WhiteElo "2205"]
[BlackElo "2060"]
[PlyCount "63"]
[EventDate "2005.02.12"]
[EventType "swiss"]
[EventRounds "9"]
[EventCountry "CRO"]
[SourceTitle "EXT 2006"]
[Source "ChessBase"]
[SourceDate "2005.11.24"]
[SourceVersion "1"]
[SourceVersionDate "2005.11.24"]
[SourceQuality "1"]

1. e4 e5 2. Nc3 Nc6 3. g3 a6 4. Bg2 Nf6 5. d3 Bb4 6. Nge2 d6 7. h3 Be6 8. a3 Bc5 9. Nd5 Bxd5 10. exd5 Ne7 11. c4 h6 12. 0-0 0-0 13. d4 exd4 14. b4 Ba7 15. Nxd4 Qd7 16. Bb2 Ng6 17. Qc2 Ne5 18. Kh1 Rae8 19. f4 Ng6 20. Nf5 Qd8 21. Qc3 Kh7 22. g4 Rg8 23. Nxh6 Kxh6 24. g5+ Kh7 25. gxf6 Re3 26. Qc2 gxf6 27. Qf5 Kg7 28. Rae1 Rge8 29. Rxe3 Rxe3 30. Qg4 Kf8 31. Qh5 Ke7 32. Bxf6+ 1-0